Avé Maria - Je vous salue Marie (en latin) - Statistiques

Statistiques générales
  • Ce quiz a été pris 421 fois
  • Le résultat moyen est 22 sur 31
Statistiques - réponses
Prière % Correct
Ave
100%
Maria
99%
Maria
99%
Iesus.
82%
plena,
79%
gratia
78%
et
77%
et
77%
Sancta
76%
Amen !
75%
Dominus
75%
in
73%
in
73%
Dei,
72%
mater
72%
tu
72%
ora
67%
tecum,
67%
Fructus
66%
nobis
66%
pro
65%
benedicta
64%
hora
64%
benedictus
63%
tui
58%
ventris
58%
nunc
57%
mulieribus,
56%
peccatoribus
56%
mortis
54%
nostræ.
54%
Aucun quiz correspondant
Distribution des résultats
% des personnes avec chaque résultat
Percentile par nombre de réponses
Votre historique - résultats
Vous n’avez pas pris ce quiz